Datum a čas kvízu

25 Celkem bodů Celkový počet nahraných bodů na tomto kvízu bez doplňovacích otázek.
5. Pořadí na kvízu Konečné umístění týmu na tomto kvízu.

Zaznamenané odpovědi

# Otázka Odpověď Body Výsledky
1. Který český politik zveřejnil... Vít Rakušan 1
2. Švédské království ve čtvrtek... 32. členem 1
3. V sobotu se v pražském Rudolfi... Přišla v noci, Bratři 0.5
4. Od středy minulého týdne je za... HHC 1
5. Do kterého týmu minulý týden v... Vegas Golden Knights 1
6. Začneme prvním českým králem p... Rudolf (I. Habsburský) 1
7. Další „slavnou“ prohrou, která... ve Francii 0
8. V bitvě u Lipan, kterou řadí m... Jan Roháč (z Dubé) 1
9. Bitva na Bílé hoře v roce 1620... D) 2 hodiny 0
10. Mnichovská dohoda je typickým... appeasement 0